आधुनिक भारत का इतिहास (Record no. 1013580)

MARC details
000 -LEADER
fixed length control field 00768nam a2200193Ia 4500
003 - CONTROL NUMBER IDENTIFIER
control field OSt
005 - DATE AND TIME OF LATEST TRANSACTION
control field 20250909114655.0
008 - FIXED-LENGTH DATA ELEMENTS--GENERAL INFORMATION
fixed length control field 221004b |||||||| |||| 00| 0 hin d
037 ## - SOURCE OF ACQUISITION
Terms of availability Textual
040 ## - CATALOGING SOURCE
Original cataloging agency CRL
Transcribing agency CRL
Language of cataloging hin
041 ## - LANGUAGE CODE
Source of code hin
Language code of text/sound track or separate title hin
100 ## - MAIN ENTRY--PERSONAL NAME
Personal name शुक्ल, रामलखन
9 (RLIN) 820552
245 #0 - TITLE STATEMENT
Title आधुनिक भारत का इतिहास
246 ## - VARYING FORM OF TITLE
Title proper/short title Ādhunik bhārat kā itihāsa
260 ## - PUBLICATION, DISTRIBUTION, ETC.
Place of publication, distribution, etc. दिल्ली
Name of publisher, distributor, etc. विश्वविद्यालय हिन्दी माध्यम कार्यान्वय निदेशालय भारत
Date of publication, distribution, etc. 1997
300 ## - PHYSICAL DESCRIPTION
Extent 924पृ.
Dimensions cm.
942 ## - ADDED ENTRY ELEMENTS (KOHA)
Classification part V2.N, 152N7
Koha item type Textual
Source of classification or shelving scheme
Suppress in OPAC No
Holdings
Withdrawn status Lost status Damaged status Not for loan Home library Current library Date acquired Total Checkouts Full call number Barcode Date last seen Price effective from Koha item type Source of classification or shelving scheme Source of acquisition Cost, normal purchase price Inventory number
        Central Library Central Library 2022-10-05   V2.N 152N7 CL1208472 2022-10-05 2022-10-05 Textual        
        Central Library Central Library 2025-09-09   V2.N 152N7 Cl1208473 2025-09-09 2025-09-09 Textual Colon Classification (CC) Hindi madayam 100.00 1276& 1999-01-21
Copyright @ Delhi University Library System